| 000 | 00357nam a2200133Ia 4500 | ||
|---|---|---|---|
| 005 | 20260326235452.0 | ||
| 008 | 260326s9999||||xx |||||||||||||| ||und|| | ||
| 100 | _aBenévolo, Leonardo | ||
| 245 | 0 |
_aDiseño de la Ciudad 1 : _b La descripción del ambiente / _cLeonardo Benévolo |
|
| 260 | _bGustavo Gili | ||
| 300 | _a247 p. | ||
| 650 | _aARTE | ||
| 942 | _cBK | ||
| 999 |
_c7805 _d7805 |
||